书目信息 |
| 题名: |
道德經解
|
|
| 作者: | 释德清 撰 ;黄曙辉 点校 | |
| 分册: | ||
| 出版信息: | 上海 华东师范大学出版社 2009.04 |
|
| 页数: | 150页 | |
| 开本: | 21cm | |
| 丛书名: | 历代文史要籍注释选刊·老子 | |
| 单 册: | ||
| 中图分类: | B223.15 | |
| 科图分类: | ||
| 主题词: | 道家--dao jia | |
| 电子资源: | ||
| ISBN: | 978-7-5617-6947-8 | |
| 000 | 01081nam 2200289 450 | |
| 001 | 012009492868 | |
| 005 | 20090811093713.39 | |
| 010 | @a978-7-5617-6947-8@dCNY15.00 | |
| 100 | @a20090811d2009 em y0chiy0120 ea | |
| 101 | 0 | @achi |
| 102 | @aCN@b310000 | |
| 105 | @ay z 000yy | |
| 106 | @ar | |
| 200 | 1 | @a道德經解@Adao de jing jie@f(明) 釋德清撰@F(ming)shi de qing zhuan@g黃曙輝點校@Ghuang shu hui dian xiao |
| 210 | @a上海@c华东师范大学出版社@d2009.04 | |
| 215 | @a150页@d21cm | |
| 225 | 2 | @a历代文史要籍注释选刊·老子@Ali dai wen shi yao ji zhu shi xuan kan·lao zi |
| 330 | @a本书详解了道德经,道德经分上下两篇,原文上篇《德经》、下篇《道经》,不分章,后改为《道经》在前,《德经》在后,并分为81章。是中国历史上首部完整的哲学著作。 | |
| 410 | 0 | @12001 @a历代文史要籍注释选刊·老子 |
| 518 | 1 | @a道德经解@Adao de jing jie |
| 605 | @a道德经@Adao de jing@x研究 | |
| 606 | 0 | @a道家@Adao jia |
| 690 | @aB223.15@v4 | |
| 701 | 0 | @a释德清@Ashi de qing@4撰 |
| 702 | 0 | @a黄曙辉@Ahuang shu hui@4点校 |
| 801 | 0 | @aCN@bQSSK@c20090811 |
| 905 | @b750891-93@dB223.15@eS618@f3 | |
| 道德經解/(明) 釋德清撰/黃曙輝點校.-上海:华东师范大学出版社,2009.04 |
| 150页;21cm.-(历代文史要籍注释选刊·老子) |
| ISBN 978-7-5617-6947-8:CNY15.00 |
| 本书详解了道德经,道德经分上下两篇,原文上篇《德经》、下篇《道经》,不分章,后改为《道经》在前,《德经》在后,并分为81章。是中国历史上首部完整的哲学著作。 |
| ● |
| 相关链接 |
|
|
|
正题名:道德經解
索取号:B223.15/S618
 
预约/预借
| 序号 | 登录号 | 条形码 | 馆藏地/架位号 | 状态 | 备注 |
| 1 | 750891 | 207508918 | 社科库509/509社科库 12排3列5层/ [索取号:B223.15/S618] | 在馆 | |
| 2 | 750892 | 207508927 | 社科库509/509社科库 12排3列5层/ [索取号:B223.15/S618] | 在馆 | |
| 3 | 750893 | 207508936 | 社科库509/509社科库 12排3列5层/ [索取号:B223.15/S618] | 在馆 |